000 00494nam a22001937a 4500
003 MPLRDC
005 20220104152148.0
008 210129b ||||| |||| 00| 0 eng d
020 _a978-957-598-450-2
082 _a225.7 SYFS-4
100 _a圣严法师
245 _a放下的幸福
_c
250 _a初版30刷
260 _a台湾
_b法鼓文化事业股份有限公司
_c2010
300 _b165
490 _a人间净土: 19
650 _a佛教修持
942 _cBK
_o225.7 SYFS-4
999 _c52747
_d52737